<?xml version="1.0" encoding="UTF-8"?>
<record
    xmlns:xsi="http://www.w3.org/2001/XMLSchema-instance"
    xsi:schemaLocation="http://www.loc.gov/MARC21/slim http://www.loc.gov/standards/marcxml/schema/MARC21slim.xsd"
    xmlns="http://www.loc.gov/MARC21/slim">

  <leader>02443nam a2200277   4500</leader>
  <controlfield tag="003">NALT</controlfield>
  <controlfield tag="005">20260123130747.0</controlfield>
  <controlfield tag="008">260106b        th ||||| |||| 00| 0 tha d</controlfield>
  <datafield tag="020" ind1=" " ind2=" ">
    <subfield code="a">9786169409397</subfield>
  </datafield>
  <datafield tag="040" ind1=" " ind2=" ">
    <subfield code="a">NALT</subfield>
  </datafield>
  <datafield tag="050" ind1=" " ind2=" ">
    <subfield code="a">BF 575.L6</subfield>
    <subfield code="b">&#xE18;246&#xE25; 2566</subfield>
  </datafield>
  <datafield tag="100" ind1="0" ind2=" ">
    <subfield code="a">&#xE18;&#xE19;&#xE32;&#xE1E;&#xE23; &#xE15;&#xE31;&#xE49;&#xE07;&#xE40;&#xE08;&#xE23;&#xE34;&#xE0D;&#xE21;&#xE31;&#xE48;&#xE19;&#xE04;&#xE07;.</subfield>
    <subfield code="9">67216</subfield>
  </datafield>
  <datafield tag="245" ind1="1" ind2="0">
    <subfield code="a">Lots of love &#xE40;&#xE23;&#xE32;&#xE08;&#xE30;&#xE08;&#xE14;&#xE08;&#xE33;&#xE27;&#xE31;&#xE19;&#xE17;&#xE35;&#xE48;&#xE41;&#xE1A;&#xE48;&#xE07;&#xE1A;&#xE32;&#xE19;&#xE2B;&#xE23;&#xE37;&#xE2D;&#xE42;&#xE23;&#xE22;&#xE23;&#xE32; /</subfield>
    <subfield code="c">&#xE18;&#xE19;&#xE32;&#xE1E;&#xE23; &#xE15;&#xE31;&#xE49;&#xE07;&#xE40;&#xE08;&#xE23;&#xE34;&#xE0D;&#xE21;&#xE31;&#xE48;&#xE19;&#xE04;&#xE07;.</subfield>
  </datafield>
  <datafield tag="250" ind1=" " ind2=" ">
    <subfield code="a">&#xE1E;&#xE34;&#xE21;&#xE1E;&#xE4C;&#xE04;&#xE23;&#xE31;&#xE49;&#xE07;&#xE17;&#xE35;&#xE48; 4.</subfield>
  </datafield>
  <datafield tag="260" ind1=" " ind2=" ">
    <subfield code="a">&#xE01;&#xE23;&#xE38;&#xE07;&#xE40;&#xE17;&#xE1E;&#xE2F; : </subfield>
    <subfield code="b">&#xE2D;&#xE30;&#xE42;&#xE27;&#xE04;&#xE32;&#xE42;&#xE14; &#xE1A;&#xE38;&#xE4A;&#xE01;&#xE2A;&#xE4C;, </subfield>
    <subfield code="c">2566.</subfield>
  </datafield>
  <datafield tag="300" ind1=" " ind2=" ">
    <subfield code="a">233 &#xE2B;&#xE19;&#xE49;&#xE32; :</subfield>
    <subfield code="b">&#xE20;&#xE32;&#xE1E;&#xE1B;&#xE23;&#xE30;&#xE01;&#xE2D;&#xE1A; ;</subfield>
    <subfield code="c">18 &#xE0B;&#xE21;.</subfield>
  </datafield>
  <datafield tag="505" ind1="2" ind2=" ">
    <subfield code="a">&#xE09;&#xE31;&#xE19;&#xE23;&#xE39;&#xE49;&#xE04;&#xE27;&#xE23;&#xE23;&#xE31;&#xE01;&#xE40;&#xE18;&#xE2D;&#xE2D;&#xE22;&#xE48;&#xE32;&#xE07;&#xE44;&#xE23; -- &#xE0A;&#xE35;&#xE27;&#xE34;&#xE15;&#xE17;&#xE35;&#xE48;&#xE2A;&#xE2D;&#xE07; -- &#xE04;&#xE23;&#xE36;&#xE48;&#xE07;&#xE2B;&#xE19;&#xE36;&#xE48;&#xE07;&#xE02;&#xE2D;&#xE07;&#xE0A;&#xE35;&#xE27;&#xE34;&#xE15; -- &#xE2A;&#xE34;&#xE48;&#xE07;&#xE40;&#xE25;&#xE47;&#xE01; &#xE46; &#xE17;&#xE35;&#xE48;&#xE40;&#xE18;&#xE2D;&#xE23;&#xE31;&#xE01; -- &#xE23;&#xE2D;&#xE22;&#xE40;&#xE17;&#xE49;&#xE32;&#xE17;&#xE35;&#xE48;&#xE40;&#xE23;&#xE32;&#xE01;&#xE49;&#xE32;&#xE27;&#xE40;&#xE14;&#xE34;&#xE19; -- &#xE40;&#xE23;&#xE32;&#xE08;&#xE30;&#xE08;&#xE14;&#xE08;&#xE33;&#xE27;&#xE31;&#xE19;&#xE17;&#xE35;&#xE48;&#xE41;&#xE1A;&#xE48;&#xE07;&#xE1A;&#xE32;&#xE19;&#xE2B;&#xE23;&#xE37;&#xE2D;&#xE42;&#xE23;&#xE22;&#xE23;&#xE32; -- &#xE43;&#xE2B;&#xE49;&#xE09;&#xE31;&#xE19;&#xE40;&#xE1B;&#xE47;&#xE19;&#xE2D;&#xE30;&#xE44;&#xE23;&#xE01;&#xE47;&#xE44;&#xE14;&#xE49; -- &#xE27;&#xE31;&#xE19;&#xE40;&#xE01;&#xE34;&#xE14;&#xE02;&#xE2D;&#xE07;&#xE09;&#xE31;&#xE19; &#xE19;&#xE49;&#xE33;&#xE15;&#xE32;&#xE02;&#xE2D;&#xE07;&#xE40;&#xE18;&#xE2D; -- &#xE2B;&#xE01;&#xE42;&#xE21;&#xE07;&#xE40;&#xE0A;&#xE49;&#xE32;&#xE27;&#xE31;&#xE19;&#xE19;&#xE31;&#xE49;&#xE19; -- &#xE40;&#xE1E;&#xE25;&#xE07;&#xE02;&#xE2D;&#xE07;&#xE40;&#xE18;&#xE2D; &#xE40;&#xE1E;&#xE25;&#xE07;&#xE02;&#xE2D;&#xE07;&#xE09;&#xE31;&#xE19; &#xE40;&#xE1E;&#xE25;&#xE07;&#xE02;&#xE2D;&#xE07;&#xE40;&#xE23;&#xE32; -- &#xE40;&#xE18;&#xE2D;&#xE22;&#xE34;&#xE49;&#xE21;&#xE41;&#xE25;&#xE49;&#xE27;&#xE1E;&#xE39;&#xE14;&#xE27;&#xE48;&#xE32; "&#xE02;&#xE2D;&#xE1A;&#xE04;&#xE38;&#xE13;&#xE19;&#xE30;" -- &#xE27;&#xE31;&#xE19;&#xE17;&#xE35;&#xE48;&#xE0A;&#xE34;&#xE27;&#xE34;&#xE15;&#xE40;&#xE14;&#xE34;&#xE19;&#xE17;&#xE32;&#xE07; -- &#xE1A;&#xE2D;&#xE01; "&#xE23;&#xE31;&#xE01;" &#xE43;&#xE2B;&#xE49;&#xE40;&#xE1B;&#xE47;&#xE19;&#xE04;&#xE33;&#xE2A;&#xE32;&#xE21;&#xE31;&#xE0D; -- &#xE01;&#xE2D;&#xE14; -- &#xE2D;&#xE22;&#xE39;&#xE48;&#xE2D;&#xE22;&#xE48;&#xE32;&#xE07;&#xE17;&#xE35;&#xE48;&#xE23;&#xE39;&#xE49;&#xE2A;&#xE36;&#xE01; -- &#xE23;&#xE48;&#xE2D;&#xE07;&#xE23;&#xE2D;&#xE22;&#xE04;&#xE27;&#xE32;&#xE21;&#xE17;&#xE23;&#xE07;&#xE08;&#xE33; -- &#xE23;&#xE2A;&#xE0A;&#xE32;&#xE15;&#xE34;&#xE02;&#xE2D;&#xE07;&#xE01;&#xE32;&#xE23;&#xE08;&#xE32;&#xE01;&#xE25;&#xE32; -- &#xE14;&#xE49;&#xE27;&#xE22;&#xE23;&#xE31;&#xE01;&#xE41;&#xE25;&#xE30;&#xE21;&#xE34;&#xE15;&#xE23;&#xE20;&#xE32;&#xE1E; -- &#xE17;&#xE38;&#xE01;&#xE27;&#xE31;&#xE19;&#xE21;&#xE35;&#xE44;&#xE27;&#xE49;&#xE43;&#xE2B;&#xE49;&#xE40;&#xE23;&#xE32;&#xE40;&#xE09;&#xE25;&#xE34;&#xE21;&#xE09;&#xE25;&#xE2D;&#xE07;&#xE01;&#xE31;&#xE1A;&#xE01;&#xE32;&#xE23;&#xE21;&#xE35;&#xE0A;&#xE35;&#xE27;&#xE34;&#xE15; -- &#xE04;&#xE34;&#xE14;&#xE16;&#xE36;&#xE07;&#xE40;&#xE18;&#xE2D; &#xE09;&#xE31;&#xE19;&#xE08;&#xE30;&#xE22;&#xE34;&#xE49;&#xE21;.</subfield>
  </datafield>
  <datafield tag="650" ind1=" " ind2="4">
    <subfield code="a">&#xE04;&#xE27;&#xE32;&#xE21;&#xE23;&#xE31;&#xE01;</subfield>
    <subfield code="9">9978</subfield>
  </datafield>
  <datafield tag="650" ind1=" " ind2="4">
    <subfield code="a">&#xE2A;&#xE32;&#xE21;&#xE35;&#xE41;&#xE25;&#xE30;&#xE20;&#xE23;&#xE23;&#xE22;&#xE32;</subfield>
    <subfield code="9">9976</subfield>
  </datafield>
  <datafield tag="942" ind1=" " ind2=" ">
    <subfield code="2">lcc</subfield>
    <subfield code="c">GB</subfield>
  </datafield>
  <datafield tag="996" ind1=" " ind2=" ">
    <subfield code="a">jidapa.t</subfield>
    <subfield code="b">ACQSTF</subfield>
    <subfield code="c">2026-01-06</subfield>
  </datafield>
  <datafield tag="996" ind1=" " ind2=" ">
    <subfield code="a">varee.k</subfield>
    <subfield code="b">LIBSTF</subfield>
    <subfield code="c">2026-01-07</subfield>
  </datafield>
  <datafield tag="996" ind1=" " ind2=" ">
    <subfield code="a">saiphon.d</subfield>
    <subfield code="b">CATSTF	</subfield>
    <subfield code="c">2026-01-13</subfield>
  </datafield>
  <datafield tag="999" ind1=" " ind2=" ">
    <subfield code="c">107625</subfield>
    <subfield code="d">107625</subfield>
  </datafield>
  <datafield tag="998" ind1=" " ind2=" ">
    <subfield code="j">8</subfield>
    <subfield code="k"> &#xE19;&#xE32;&#xE22;&#xE1A;&#xE31;&#xE13;&#xE11;&#xE34;&#xE15;  &#xE2D;&#xE38;&#xE17;&#xE32;&#xE27;&#xE07;&#xE04;&#xE4C;</subfield>
  </datafield>
  <datafield tag="952" ind1=" " ind2=" ">
    <subfield code="0">0</subfield>
    <subfield code="1">0</subfield>
    <subfield code="2">lcc</subfield>
    <subfield code="4">0</subfield>
    <subfield code="7">0</subfield>
    <subfield code="8">CGBL</subfield>
    <subfield code="a">NALT</subfield>
    <subfield code="b">NALT</subfield>
    <subfield code="c">GEN</subfield>
    <subfield code="d">2026-01-06</subfield>
    <subfield code="l">1</subfield>
    <subfield code="m">1</subfield>
    <subfield code="o">BF 575.L6 &#xE18;246&#xE25; 2566</subfield>
    <subfield code="p">3961216031</subfield>
    <subfield code="r">2026-02-06 00:00:00</subfield>
    <subfield code="s">2026-01-23</subfield>
    <subfield code="w">2026-01-06</subfield>
    <subfield code="y">GB</subfield>
  </datafield>
</record>
